[Event "Arcadia King Memorial 2nd"]
[Site "Arcadia"]
[Date "2023.08.13"]
[Round "7.5"]
[White "Wen, Tommy"]
[Black "Doric, Nenad"]
[Result "1/2-1/2"]
[WhiteElo "2323"]
[BlackElo "2211"]
[PlyCount "69"]
[EventDate "2023.08.09"]
[EventType "schev"]
[EventRounds "10"]
[EventCountry "USA"]
[SourceTitle "EXT 2024"]
[Source "ChessBase"]
[SourceDate "2023.10.10"]
[SourceVersion "1"]
[SourceVersionDate "2023.10.10"]
[SourceQuality "1"]

1. e4 e5 2. Nc3 Nc6 3. g3 g6 4. Bg2 Bg7 5. d3 d6 6. f4 Nge7 7. Nf3 0-0 8. 0-0 f5 9. Be3 Nd4 10. Qd2 fxe4 11. dxe4 Nxf3+ 12. Rxf3 Nc6 13. Rf2 Be6 14. Nd5 exf4 15. gxf4 Ne7 16. Nc3 Qd7 17. Bd4 Bh6 18. Raf1 Rf7 19. Ne2 d5 20. Nc3 Rd8 21. Be5 d4 22. Nd5 Nxd5 23. exd5 Bxd5 24. Qxd4 Bxg2 25. Qxd7 Rfxd7 26. Kxg2 c6 27. Kf3 Rd2 28. Ke3 Rxf2 29. Rxf2 Bg7 30. Ke4 Rd1 31. Bxg7 Kxg7 32. Ke5 Kf7 33. c4 Ke7 34. Re2 Rd6 35. f5 1/2-1/2

[Event "Arcadia King Memorial 2nd"]
[Site "Arcadia"]
[Date "2023.08.12"]
[Round "6.1"]
[White "Wen, Tommy"]
[Black "Tomulic, Teo"]
[Result "1/2-1/2"]
[WhiteElo "2323"]
[BlackElo "2409"]
[PlyCount "35"]
[EventDate "2023.08.09"]
[EventType "schev"]
[EventRounds "10"]
[EventCountry "USA"]
[SourceTitle "EXT 2024"]
[Source "ChessBase"]
[SourceDate "2023.10.10"]
[SourceVersion "1"]
[SourceVersionDate "2023.10.10"]
[SourceQuality "1"]

1. e4 e5 2. Nf3 Nc6 3. Bb5 Nf6 4. 0-0 Nxe4 5. Re1 Nd6 6. Nxe5 Nxe5 7. Rxe5+ Be7 8. Bf1 0-0 9. d4 Bf6 10. Re1 Nf5 11. d5 d6 12. Nd2 Bd7 13. Ne4 Re8 14. c3 Nh4 15. Qh5 Ng6 16. Bd2 Re5 17. Nxf6+ Qxf6 18. Rxe5 1/2-1/2

[Event "Arcadia King Memorial 2nd"]
[Site "Arcadia"]
[Date "2023.08.11"]
[Round "3.4"]
[White "Wen, Tommy"]
[Black "Novoselski, Zoran"]
[Result "1-0"]
[WhiteElo "2323"]
[BlackElo "2234"]
[PlyCount "123"]
[EventDate "2023.08.09"]
[EventType "schev"]
[EventRounds "10"]
[EventCountry "USA"]
[SourceTitle "EXT 2024"]
[Source "ChessBase"]
[SourceDate "2023.10.10"]
[SourceVersion "1"]
[SourceVersionDate "2023.10.10"]
[SourceQuality "1"]

1. e4 c5 2. Nf3 d6 3. d4 cxd4 4. Nxd4 Nf6 5. Nc3 a6 6. Be3 e6 7. f3 Qc7 8. Qd2 b5 9. g4 Nc6 10. g5 Nd7 11. 0-0-0 Bb7 12. Kb1 Nxd4 13. Bxd4 b4 14. Ne2 Ne5 15. Qxb4 Nxf3 16. Bb6 Qc6 17. Nd4 Nxd4 18. Rxd4 Rc8 19. Rc4 Qd7 20. Rxc8+ Bxc8 21. Qc3 Bb7 22. Bd3 e5 23. Qd2 Be7 24. Qe2 0-0 25. h4 Qc6 26. Be3 Bc8 27. h5 Be6 28. Qh2 f5 29. gxf6 Bxf6 30. Rg1 Kh8 31. Qg3 a5 32. Bg5 Qc7 33. h6 gxh6 34. Bxh6 Rg8 35. Qf2 Rxg1+ 36. Qxg1 Qd8 37. Qa7 Bd7 38. a3 a4 39. Qb7 Qe8 40. Bc4 Bc6 41. Qc7 Bxe4 42. Qxd6 Bg7 43. Bb5 Qa8 44. Bxg7+ Kxg7 45. Qxe5+ Kg6 46. Be8+ Kh6 47. Qf6+ Bg6 48. Qh4+ Kg7 49. Bxa4 Qe4 50. Qxe4 Bxe4 51. Bd7 h5 52. b4 Kf6 53. Kc1 h4 54. Kd2 Ke5 55. c4 Kf4 56. c5 Bg2 57. Ke2 Kg3 58. c6 h3 59. c7 h2 60. c8Q h1Q 61. Qb8+ Kh4 62. Qf4+ 1-0

[Event "Arcadia King Memorial 2nd"]
[Site "Arcadia"]
[Date "2023.08.09"]
[Round "1.1"]
[White "Tomulic, Teo"]
[Black "Wen, Tommy"]
[Result "0-1"]
[WhiteElo "2409"]
[BlackElo "2323"]
[PlyCount "64"]
[EventDate "2023.08.09"]
[EventType "schev"]
[EventRounds "10"]
[EventCountry "USA"]
[SourceTitle "EXT 2024"]
[Source "ChessBase"]
[SourceDate "2023.10.10"]
[SourceVersion "1"]
[SourceVersionDate "2023.10.10"]
[SourceQuality "1"]

1. e4 e5 2. Nf3 Nc6 3. Bb5 a6 4. Ba4 Nf6 5. 0-0 b5 6. Bb3 Bc5 7. Nxe5 Nxe5 8. d4 Bxd4 9. Qxd4 d6 10. c3 c5 11. Qe3 0-0 12. Nd2 Re8 13. Bc2 Bb7 14. Rd1 Qc7 15. Qg3 Qb6 16. c4 Nc6 17. f3 Nd4 18. Bd3 d5 19. exd5 Nxd5 20. Qh4 h6 21. Nb3 bxc4 22. Bxc4 Qb4 23. Nxd4 Qxc4 24. Bxh6 cxd4 25. Rxd4 Qc5 26. Rc1 Qb6 27. Bxg7 Kxg7 28. Kh1 Re6 29. Rcc4 Rg6 30. Rg4 Rc8 31. Rxg6+ Qxg6 32. Qd4+ Nf6 0-1

[Event "Titled Tuesday intern op 01st Aug Late"]
[Site "Chess.com INT"]
[Date "2023.08.01"]
[Round "2"]
[White "Andreikin, Dmitry"]
[Black "Wen, Tommy"]
[Result "1-0"]
[WhiteElo "2729"]
[BlackElo "2323"]
[PlyCount "79"]
[EventDate "2023.08.01"]
[EventType "swiss (blitz)"]
[EventRounds "11"]
[EventCountry "USA"]
[SourceTitle "EXT 2024"]
[Source "ChessBase"]
[SourceDate "2023.10.10"]
[SourceVersion "1"]
[SourceVersionDate "2023.10.10"]
[SourceQuality "1"]

1. d4 Nf6 2. c4 g6 3. Nc3 d5 4. cxd5 Nxd5 5. e4 Nxc3 6. bxc3 Bg7 7. Nf3 c5 8. Be2 Nc6 9. d5 Bxc3+ 10. Bd2 Bxa1 11. Qxa1 Nd4 12. Nxd4 cxd4 13. 0-0 0-0 14. Qxd4 Qb6 15. Qa1 Bd7 16. Bh6 f6 17. Rb1 Qc7 18. Bxf8 Rxf8 19. Qd4 b6 20. Bc4 Kg7 21. h3 Rc8 22. Bb3 Qc3 23. Qd1 f5 24. exf5 Bxf5 25. Ra1 Qe5 26. Qf1 Bd3 27. Re1 Rc1 28. Rxe5 Rxf1+ 29. Kh2 Rxf2 30. Rxe7+ Rf7 31. Re3 Bb5 32. h4 Rd7 33. Kg3 Kf6 34. Re6+ Kg7 35. Kf4 Bf1 36. g4 Kf8 37. d6 a5 38. Ke5 Bh3 39. Ba4 Rd8 40. d7 1-0

[Event "Belgrade Serbia op"]
[Site "Belgrade"]
[Date "2023.07.22"]
[Round "7"]
[White "Wen, Tommy"]
[Black "Dabhade, Arnav"]
[Result "1-0"]
[WhiteElo "2406"]
[BlackElo "1726"]
[PlyCount "73"]
[EventDate "2023.07.16"]
[EventType "swiss"]
[EventRounds "9"]
[EventCountry "SRB"]
[SourceTitle "CBM 215 Extra"]
[Source "ChessBase"]
[SourceDate "2023.09.30"]
[SourceVersion "1"]
[SourceVersionDate "2023.09.30"]
[SourceQuality "1"]

1. e4 e5 2. Nc3 Nc6 3. g3 g6 4. Bg2 Bg7 5. d3 Nge7 6. f4 d6 7. Nf3 0-0 8. 0-0 Bd7 9. Be3 Qc8 10. Rf2 h6 11. Qd2 Kh7 12. d4 exd4 13. Nxd4 f5 14. Re1 fxe4 15. Nxe4 Nf5 16. Nxf5 Bxf5 17. Nc3 Re8 18. Nd5 Qd7 19. c4 Re6 20. h3 Be4 21. g4 Rf8 22. Bxe4 Rxe4 23. Qd3 Ree8 24. Ref1 Ne7 25. Nc3 Qe6 26. Rf3 Kh8 27. Bd4 b6 28. Bxg7+ Kxg7 29. f5 gxf5 30. gxf5 Nxf5 31. Rxf5 Qg6+ 32. Kh1 Re5 33. Rg1 Rexf5 34. Rxg6+ Kxg6 35. Nd5 Kh5 36. Qe2+ Rf3 37. Kg2 1-0

[Event "Paracin op 16th"]
[Site "Paracin"]
[Date "2023.07.10"]
[Round "4"]
[White "Wen, Tommy"]
[Black "Itgelt, Khuyagtsogt"]
[Result "1/2-1/2"]
[WhiteElo "2406"]
[BlackElo "2321"]
[PlyCount "60"]
[EventDate "2023.07.07"]
[EventType "swiss"]
[EventRounds "9"]
[EventCountry "SRB"]
[SourceTitle "EXT 2024"]
[Source "ChessBase"]
[SourceDate "2023.10.10"]
[SourceVersion "1"]
[SourceVersionDate "2023.10.10"]
[SourceQuality "1"]

1. e4 e6 2. d4 d5 3. Nc3 Bb4 4. e5 c5 5. a3 Bxc3+ 6. bxc3 Qa5 7. Bd2 Qa4 8. Qg4 Kf8 9. Nf3 Nc6 10. Be2 Nge7 11. h3 h5 12. Qf4 Ng6 13. Qe3 c4 14. 0-0 Qxc2 15. Rfc1 Qa4 16. Bd1 Qa5 17. Bc2 Nce7 18. g4 Bd7 19. a4 Qc7 20. Qg5 hxg4 21. hxg4 Kg8 22. Kg2 f6 23. exf6 gxf6 24. Qxf6 Rf8 25. Qg5 Rh2+ 26. Nxh2 Rxf2+ 27. Kxf2 Qxh2+ 28. Ke1 Qg1+ 29. Ke2 Qg2+ 30. Kd1 Qf3+ 1/2-1/2

[Event "Paracin op 16th"]
[Site "Paracin"]
[Date "2023.07.08"]
[Round "2"]
[White "Wen, Tommy"]
[Black "Valiyev, Shahin"]
[Result "1-0"]
[WhiteElo "2406"]
[BlackElo "2220"]
[PlyCount "53"]
[EventDate "2023.07.07"]
[EventType "swiss"]
[EventRounds "9"]
[EventCountry "SRB"]
[SourceTitle "EXT 2024"]
[Source "ChessBase"]
[SourceDate "2023.10.10"]
[SourceVersion "1"]
[SourceVersionDate "2023.10.10"]
[SourceQuality "1"]

1. e4 c5 2. Nf3 d6 3. d4 cxd4 4. Nxd4 Nf6 5. Nc3 a6 6. f4 e5 7. Nb3 Be7 8. fxe5 dxe5 9. Qxd8+ Bxd8 10. Be3 b5 11. Be2 Nbd7 12. a4 b4 13. Nd5 Bb7 14. 0-0-0 Nxd5 15. exd5 Rc8 16. Rhf1 h5 17. g4 hxg4 18. Bxg4 Rxh2 19. Nc5 Rxc5 20. Bxd7+ Kxd7 21. Bxc5 Bg5+ 22. Kb1 f6 23. Bxb4 e4 24. c4 e3 25. Rh1 Rxh1 26. Rxh1 f5 27. Rh5 1-0

[Event "Los Angeles IM Norm"]
[Site "Monrovia"]
[Date "2023.04.02"]
[Round "4"]
[White "Krumpacnik, Domen"]
[Black "Wen, Tommy"]
[Result "1-0"]
[WhiteElo "2291"]
[BlackElo "2437"]
[PlyCount "109"]
[EventDate "2023.04.01"]
[EventType "schev"]
[EventRounds "10"]
[EventCountry "USA"]
[SourceTitle "CBM 213 Extra"]
[Source "ChessBase"]
[SourceDate "2023.05.31"]
[SourceVersion "1"]
[SourceVersionDate "2023.05.31"]
[SourceQuality "1"]
[WhiteTeam "Rest of the World"]
[BlackTeam "United States"]
[BlackTeamCountry "USA"]

1. d4 d5 2. Nf3 Nf6 3. c4 c6 4. Qb3 dxc4 5. Qxc4 Bg4 6. Nbd2 Nbd7 7. g3 e6 8. Bg2 Be7 9. 0-0 0-0 10. b3 Rc8 11. Qa4 b5 12. Qxa7 Bb4 13. a4 Rc7 14. Qa6 Nb8 15. Qa8 Nd5 16. axb5 cxb5 17. Ba3 Bxd2 18. Nxd2 b4 19. Bxd5 bxa3 20. Bf3 Qxd4 21. Qxa3 Bh3 22. Rfd1 Rd7 23. e3 Qf6 24. Be2 Qf5 25. Nf3 e5 26. Qc5 Re8 27. Rd5 Rxd5 28. Qxd5 Nd7 29. Bc4 h6 30. Nh4 Qf6 31. Bf1 Be6 32. Qb7 Rd8 33. b4 g5 34. Nf3 e4 35. Nd4 Ne5 36. Ra8 Nf3+ 37. Nxf3 exf3 38. Rxd8+ Qxd8 39. Qxf3 Qd2 40. Qa8+ Kh7 41. Qe4+ Kg8 42. Bd3 Kf8 43. Kg2 h5 44. Qd4 Ke7 45. h4 gxh4 46. Qxh4+ f6 47. Qe4 Kd6 48. Qd4+ Ke7 49. Be4 Qe1 50. Qc5+ Kf7 51. Qxh5+ Kf8 52. b5 f5 53. Qg6 Bc4 54. Qxf5+ Kg7 55. Qd7+ 1-0

[Event "Los Angeles IM Norm"]
[Site "Monrovia"]
[Date "2023.04.01"]
[Round "1"]
[White "Wen, Tommy"]
[Black "Doric, Nenad"]
[Result "1-0"]
[WhiteElo "2437"]
[BlackElo "2204"]
[PlyCount "87"]
[EventDate "2023.04.01"]
[EventType "schev"]
[EventRounds "10"]
[EventCountry "USA"]
[SourceTitle "CBM 213 Extra"]
[Source "ChessBase"]
[SourceDate "2023.05.31"]
[SourceVersion "1"]
[SourceVersionDate "2023.05.31"]
[SourceQuality "1"]
[WhiteTeam "United States"]
[BlackTeam "Rest of the World"]
[WhiteTeamCountry "USA"]

1. e4 e5 2. Nf3 Nc6 3. Bb5 a6 4. Ba4 Nf6 5. 0-0 Nxe4 6. d4 Be7 7. Re1 b5 8. Rxe4 d5 9. Nxe5 Nxe5 10. Rxe5 bxa4 11. Nc3 0-0 12. Rxd5 Bd6 13. Bg5 f6 14. Bf4 Be6 15. Bxd6 cxd6 16. Rh5 g6 17. d5 Bf5 18. Rh4 a3 19. b3 Rc8 20. Ne2 Bxc2 21. Qd2 Bf5 22. Nd4 Bd7 23. Re1 Re8 24. Ne6 Bxe6 25. dxe6 Rc5 26. Ra4 Qc8 27. e7 Re5 28. Rc1 Rc5 29. Rxc5 Qxc5 30. Rxa6 Rxe7 31. h3 Rc7 32. Rxd6 Qe5 33. Ra6 Kg7 34. Rxa3 Qa1+ 35. Kh2 Qe5+ 36. f4 Qe4 37. Ra4 Qf5 38. Rc4 Rxc4 39. bxc4 g5 40. fxg5 fxg5 41. Qd4+ Kg6 42. c5 h5 43. Qd6+ Kg7 44. c6 1-0

[Event "Titled Tuesday intern op 22nd Nov Late"]
[Site "Chess.com INT"]
[Date "2022.11.22"]
[Round "2"]
[White "Wen, Tommy"]
[Black "Cortes Orihuela, Javier"]
[Result "1-0"]
[WhiteElo "2091"]
[BlackElo "2180"]
[PlyCount "83"]
[EventDate "2022.11.22"]
[EventType "swiss (blitz)"]
[EventRounds "11"]
[EventCountry "USA"]
[SourceTitle "CBM 211 Extra"]
[Source "ChessBase"]
[SourceDate "2023.01.31"]
[SourceVersion "1"]
[SourceVersionDate "2023.01.31"]
[SourceQuality "1"]

1. e4 e5 2. Nf3 Nc6 3. Bb5 a6 4. Ba4 Nf6 5. 0-0 Be7 6. Re1 b5 7. Bb3 d6 8. c3 0-0 9. h3 Nb8 10. d4 Nbd7 11. Nbd2 Bb7 12. Bc2 Re8 13. Nf1 Bf8 14. Ng3 g6 15. b3 c6 16. Bg5 Qc7 17. a4 h6 18. Be3 Rec8 19. Qd2 h5 20. Rec1 d5 21. dxe5 Nxe4 22. Bxe4 dxe4 23. Nxe4 Re8 24. Qxd7 Qxd7 25. Nf6+ Kg7 26. Nxd7 Red8 27. Nxf8 Kxf8 28. Rd1 Re8 29. Rd7 Bc8 30. Rc7 Be6 31. Rxc6 Bxb3 32. axb5 axb5 33. Rxa8 Rxa8 34. Rb6 Bc4 35. Nd4 Ra3 36. Nxb5 Bxb5 37. Rxb5 Rxc3 38. Rc5 Rd3 39. Kf1 Rd1+ 40. Ke2 Rg1 41. Kf3 Rd1 42. Bg5 1-0

[Event "Charlotte CCCSA Summer IM-C"]
[Site "Charlotte"]
[Date "2022.07.26"]
[Round "3"]
[White "Xie, Bryan"]
[Black "Wen, Tommy"]
[Result "0-1"]
[WhiteElo "2191"]
[BlackElo "2040"]
[PlyCount "84"]
[EventDate "2022.07.24"]
[EventType "tourn"]
[EventRounds "9"]
[EventCountry "USA"]
[SourceTitle "CBM 209 Extra"]
[Source "ChessBase"]
[SourceDate "2022.09.30"]
[SourceVersion "1"]
[SourceVersionDate "2022.09.30"]
[SourceQuality "1"]

1. e4 c5 2. Nf3 e6 3. d4 cxd4 4. Nxd4 a6 5. Bd3 Bc5 6. Nb3 Ba7 7. Qe2 Ne7 8. Be3 0-0 9. Nc3 b5 10. 0-0-0 b4 11. Na4 d6 12. e5 d5 13. Bg5 Qc7 14. Bxh7+ Kxh7 15. Rd3 Rh8 16. h4 Nbc6 17. h5 Qxe5 18. Qxe5 Nxe5 19. Bxe7 Nxd3+ 20. cxd3 Bxf2 21. Bxb4 e5 22. Rf1 Be3+ 23. Bd2 Bxd2+ 24. Kxd2 f6 25. h6 d4 26. Nbc5 Rb8 27. b3 a5 28. Nb2 Bb7 29. Nxb7 Rxb7 30. Nc4 Ra8 31. hxg7 Kxg7 32. g4 a4 33. bxa4 Rxa4 34. a3 Rb3 35. Re1 Kg6 36. Kc2 Rc3+ 37. Kd2 Kg5 38. Re4 Rcxc4 39. dxc4 Rxa3 40. Re1 Rc3 41. Rc1 Rxc1 42. Kxc1 Kxg4 0-1

[Event "PNWCC WOW op"]
[Site "Chess.com INT"]
[Date "2020.12.28"]
[Round "8"]
[White "Narayanan, Samrug"]
[Black "Wen, Tommy"]
[Result "1-0"]
[WhiteElo "2100"]
[BlackElo "2014"]
[PlyCount "229"]
[EventDate "2020.12.26"]
[EventType "swiss"]
[EventRounds "9"]
[EventCountry "USA"]
[SourceTitle "CBM 200 Extra"]
[Source "ChessBase"]
[SourceDate "2021.03.31"]
[SourceVersion "1"]
[SourceVersionDate "2021.03.31"]
[SourceQuality "1"]

1. e4 c5 2. Nf3 e6 3. c3 Nf6 4. e5 Nd5 5. d4 cxd4 6. cxd4 b6 7. Nc3 Nxc3 8. bxc3 Bb7 9. Bd3 Qc7 10. Bd2 d6 11. 0-0 Nd7 12. exd6 Bxd6 13. h3 0-0 14. Qe2 Rac8 15. Rac1 e5 16. Bf5 Rfe8 17. Rfe1 e4 18. Ng5 g6 19. Bxd7 Qxd7 20. h4 h6 21. Nh3 Kg7 22. Qe3 Rh8 23. c4 f5 24. d5 Kg8 25. Bc3 Rh7 26. Bb2 Qe7 27. g3 Qf8 28. Nf4 Qf7 29. Red1 Ba6 30. Ba3 Bxf4 31. Qxf4 g5 32. Qe5 gxh4 33. Bb2 Qg6 34. d6 Re8 35. Qf4 hxg3 36. d7 gxf2+ 37. Kxf2 e3+ 38. Qxe3 Rxe3 39. d8Q+ Re8 40. Qd5+ Qe6 41. Rg1+ Kf8 42. Qf3 Bb7 43. Ba3+ Rhe7 44. Qd3 Qe4 45. Bxe7+ Qxe7 46. Qxf5+ Qf7 47. Qxf7+ Kxf7 48. Kg3 Re3+ 49. Kf4 Re2 50. a3 Kf6 51. Rc3 Re4+ 52. Kg3 h5 53. Kf2 Ba6 54. c5 bxc5 55. Rxc5 Ra4 56. Rg3 h4 57. Rgc3 Bb7 58. Rc7 Bd5 59. Rd7 Ke6 60. Rh7 Rf4+ 61. Ke2 Re4+ 62. Kd2 Ra4 63. Re3+ Kf6 64. Rh6+ Kg5 65. Rh8 Bh1 66. Rc3 Ra5 67. Ke3 Re5+ 68. Kf2 a6 69. Rc7 Be4 70. Rc1 Bd3 71. Rg1+ Kf6 72. Rxh4 Bb5 73. Rh6+ Kf7 74. Rc1 Re2+ 75. Kf3 Kg7 76. Rb6 Re7 77. Kf4 Rd7 78. Ke5 Kf7 79. Rh1 Kg7 80. Rg1+ Kf7 81. Rh6 Ke7 82. Rg8 Kf7 83. Rgh8 Bd3 84. Rb8 Re7+ 85. Kd4 Rd7+ 86. Ke3 Kg7 87. Rh4 Bb5 88. Rd4 Re7+ 89. Kd2 Kf6 90. a4 Be8 91. Rb6+ Ke5 92. Rh4 Rd7+ 93. Ke3 Kd5 94. Rxa6 Re7+ 95. Kd2 Kc5 96. Rf6 Bc6 97. Rf5+ Kb6 98. Rh6 Kb7 99. a5 Rd7+ 100. Kc3 Rg7 101. Rf4 Rc7 102. Kb4 Bd5 103. Rfh4 Kb8 104. Rh8+ Kb7 105. R8h7 Rxh7 106. Rxh7+ Ka6 107. Rh6+ Ka7 108. Kc5 Bb7 109. Kb5 Bc8 110. a6 Bd7+ 111. Ka5 Bc8 112. Rh7+ Ka8 113. Kb6 Kb8 114. Rh8 Ka8 115. Rxc8# 1-0

[Event "PNWCC WOW op"]
[Site "Chess.com INT"]
[Date "2020.12.28"]
[Round "7"]
[White "Wen, Tommy"]
[Black "Tanenbaum, Zachary Chen"]
[Result "1/2-1/2"]
[WhiteElo "2014"]
[BlackElo "2137"]
[PlyCount "54"]
[EventDate "2020.12.26"]
[EventType "swiss"]
[EventRounds "9"]
[EventCountry "USA"]
[SourceTitle "CBM 200 Extra"]
[Source "ChessBase"]
[SourceDate "2021.03.31"]
[SourceVersion "1"]
[SourceVersionDate "2021.03.31"]
[SourceQuality "1"]

1. e4 e5 2. Nf3 Nc6 3. Bb5 a6 4. Ba4 d6 5. c3 Nf6 6. d4 b5 7. Bb3 Be7 8. 0-0 0-0 9. h3 Bb7 10. Re1 Nb8 11. Nbd2 Nbd7 12. Bc2 Re8 13. Nf1 Bf8 14. Ng3 g6 15. b3 Bg7 16. d5 Rc8 17. Bg5 c6 18. c4 Qe7 19. Qd2 cxd5 20. cxd5 Rc7 21. Rac1 Rec8 22. Nh2 Qf8 23. Ng4 Nxg4 24. hxg4 a5 25. Be3 b4 26. g5 Ba6 27. Bb1 Rc3 1/2-1/2